Подробности
| 000 -МАРКЕР |
| контрольное поле |
01640nam0a22003251 4500 |
| 001 - ИДЕНТИФИКАТОР ЗАПИСИ |
| контрольное поле |
v19\rc\1316722 |
| 005 - ИДЕНТИФИКАТОР ВЕРСИИ |
| контрольное поле |
20260406191916.0 |
| 035 ## - ДРУГИЕ СИСТЕМНЫЕ НОМЕРА |
| Идентификатор записи |
(NLR Aleph) 005207979 |
| 100 ## - ДАННЫЕ ОБЩЕЙ ОБРАБОТКИ |
| Данные общей обработки |
20060512d1900 |||y0rusy50 ca |
| 101 0# - ЯЗЫК РЕСУРСА |
| Язык текста, звукозаписи и т.д. |
русский |
| 102 ## - СТРАНА ПУБЛИКАЦИИ ИЛИ ПРОИЗВОДСТВА |
| Страна публикации |
Российская Федерация |
| 105 ## - ПОЛЕ КОДИРОВАННЫХ ДАННЫХ: ТЕКСТОВЫЕ МАТЕРИАЛЫ, МОНОГРАФИЧЕСКИЕ |
| Кодированные данные о монографическом текстовом документе |
y b ||||| |
| 200 1# - ЗАГЛАВИЕ И СВЕДЕНИЯ ОБ ОТВЕТСТВЕННОСТИ |
| Основное заглавие |
Каталог Библиотеки служащих в Управлении железных дорог |
| Сведения, относящиеся к заглавию |
Изд. 1900 г. |
| Первые сведения об ответственности |
Б-ка служащих Управления жел. дор. |
| 210 ## - ПУБЛИКАЦИЯ, РАСПРОСТРАНЕНИЕ И ДР. |
| Место издания, распространения и т.д. |
Санкт-Петербург |
| Дата издания, распространения и т.д. |
1900 |
| 215 ## - ФИЗИЧЕСКАЯ ХАРАКТЕРИСТИКА |
| Специфическое обозначение материала и объем |
[2], 110 с. |
| Размеры |
24 |
| 311 ## - ПРИМЕЧАНИЯ, ОТНОСЯЩИЕСЯ К ПОЛЯМ СВЯЗИ (ПРИМЕЧАНИЯ О СВЯЗИ С ДРУГИМИ ПРОИЗВЕДЕНИЯМИ (ИЗДАНИЯМИ)) |
| Текст примечания |
1-е дополнение...: 1901 г., 1901 |
| 311 ## - ПРИМЕЧАНИЯ, ОТНОСЯЩИЕСЯ К ПОЛЯМ СВЯЗИ (ПРИМЕЧАНИЯ О СВЯЗИ С ДРУГИМИ ПРОИЗВЕДЕНИЯМИ (ИЗДАНИЯМИ)) |
| Текст примечания |
1-е дополнение...: 1909 г., 1910 |
| 311 ## - ПРИМЕЧАНИЯ, ОТНОСЯЩИЕСЯ К ПОЛЯМ СВЯЗИ (ПРИМЕЧАНИЯ О СВЯЗИ С ДРУГИМИ ПРОИЗВЕДЕНИЯМИ (ИЗДАНИЯМИ)) |
| Текст примечания |
2-е дополнение...: 1914/Сост. ил. ком. С.В. Ивановым, 1914 |
| 421 #0 - ПРИЛОЖЕНИЕ |
| Встроенное поле |
1010#$arus |
| -- |
2001#$a1-е дополнение...$e1901 г. |
| -- |
210##$d1901 |
| -- |
215##$a13 с. |
| Заглавие |
1-е дополнение... |
| 421 #0 - ПРИЛОЖЕНИЕ |
| Встроенное поле |
1010#$arus |
| -- |
2001#$a1-е дополнение...$e1909 г. |
| -- |
210##$d1910 |
| -- |
215##$a68 с. |
| Заглавие |
1-е дополнение... |
| 421 #0 - ПРИЛОЖЕНИЕ |
| Встроенное поле |
1010#$arus |
| -- |
2001#$a2-е дополнение...$e1914$fСост. ил. ком. С.В. Ивановым |
| -- |
210##$d1914 |
| -- |
215##$a93 с. |
| Заглавие |
2-е дополнение... |
| 702 #1 - ИМЯ ЛИЦА - ВТОРИЧНАЯ ОТВЕТСТВЕННОСТЬ |
| Начальный элемент ввода |
Иванов |
| Часть имени, кроме начального элемента ввода |
С. В. |
| Код отношения |
Составитель |
| 710 01 - НАИМЕНОВАНИЕ ОРГАНИЗАЦИИ - ПЕРВИЧНАЯ ОТВЕТСТВЕННОСТЬ |
| Начальный элемент ввода |
Россия |
| Структурное подразделение |
Управление железных дорог |
| -- |
Библиотека служащих |
| Системный номер авторитетной/нормативной записи |
404447 |
| Идентификатор авторитетной/нормативной записи |
RU\NLR\AUTH\889954241 |
| 801 #0 - ИСТОЧНИК ЗАПИСИ |
| Страна |
Российская Федерация |
| Организация |
NLR |
| Дата составления |
20060512 |
| Правила каталогизации |
psbo |
| 801 #1 - ИСТОЧНИК ЗАПИСИ |
| Страна |
Российская Федерация |
| Организация |
ProSoft-M |
| Дата составления |
20060512 |
| Источник данных |
rusmarc |
| 801 #2 - ИСТОЧНИК ЗАПИСИ |
| Страна |
Российская Федерация |
| Организация |
NLR |
| Дата составления |
20110621 |
| Источник данных |
rusmarc |
| 852 ## - МЕСТОНАХОЖДЕНИЕ И ШИФР ХРАНЕНИЯ |
| Идентификатор организации |
NLR |
| Наименование фонда или коллекции (Sub-Location Identifier) |
Б |
| Шифр хранения (Call Number) |
5425-П-292/К-29 |
| 942 ## - ДОПОЛНИТЕЛЬНЫЕ ЭЛЕМЕНТЫ ЗАПИСИ (АБИС) |
| Тип экземпляра АБИС |
Книга |
| 980 ## - КОЛЛЕКЦИЯ |
| Название коллекции |
Национальная библиография |